Szczegóły MARC21

Podstawy metod statystycznych dla pedagogów /

003 -Nazwa inst., której nr kontr. jest w polu 001 [,]
    • @
    • Nazwa instytucji, której n kontrolny jest w polu 001
    • NUKAT
005 -DATA I CZAS OSTATNIEJ MODYFIKACJI [,]
    • @
    • pole kontrolne
    • 20241231093911.0
020 -Międzynarod. znormalizowany nr książki - ISBN [ , ]
    • z
    • Błędny ISBN (P)
    • 8381055804 Find
040 -Instytucja sporządzająca opis [ , ]
    • a
    • Instytucja, która sporządziła opis (NP)
    • TOR U/BD
    • c
    • Instytucja, która sporządziła rekord (NP)
    • TOR U/PDJR
    • d
    • Instytucja, która zmodyfikowała rekord (P)
    • TOR U/AP
    • d
    • Instytucja, która zmodyfikowała rekord (P)
    • KR 119/SKs
    • d
    • Instytucja, która zmodyfikowała rekord (P)
    • KR 122/AK
    • d
    • Instytucja, która zmodyfikowała rekord (P)
    • KR 93/BJs
942 -Rodzaj dokumentu [ , ]
    • c
    • Rodzaj dokumentu
    • Książka
100 -Hasło główne - nazwa osobowa [1, ]
    • a
    • Nazwa osobowa (NP)
    • Nowaczyk, Czesław.
    • 9
    • KHW
    • 480183
245 -Strefa tytułu i oznaczenia odpowiedzialności [1,0]
    • a
    • Tytuł
    • Podstawy metod statystycznych dla pedagogów / Find
    • c
    • Pozostałe elementy strefy tytułu i oznaczenia odpowiedzialności (NP)
    • Czesław Nowaczyk.
260 -Strefa adresu wydawniczego [ , ]
    • a
    • Miejsce wydania (P)
    • Warszawa :
    • b
    • Nazwa wydawcy (P)
    • Państwowe Wydawnictwo Naukowe,
    • c
    • Data wydania (P)
    • 1985.
300 -Strefa opisu fizycznego [ , ]
    • a
    • Określenie formy książki i/lub objętość (NP)
    • 283 s. :
    • b
    • Oznaczenie ilustracji (NP)
    • il. ;
    • c
    • Format (NP)
    • 24 cm.
336 -Typ zawartości [ , ]
    • a
    • Termin opisujący typ zawartości
    • Tekst
    • b
    • Kod określający zawartość
    • txt
    • 2
    • Źródło (terminu i kodu)
    • rdacontent
337 -Typ mediów [ , ]
    • a
    • Tryb odtwarzania
    • Bez urządzenia pośredniczącego
    • b
    • Kod typu mediów
    • n
    • 2
    • Źródło (terminu i kodu)
    • rdamedia
338 -Typ/rodzaj nośnika [ , ]
    • a
    • Hasło opisujące typ nośnika
    • Wolumin
    • b
    • Kod typu nośnika
    • nc
    • 2
    • Źródło (terminu i kodu)
    • rdacarrier
504 -Uwaga dot. bibliogr. załącznikowej [ , ]
    • a
    • Uwaga dot. bibliografii załącznikowej
    • Bibliogr. s. 250.
521 -Uwaga dot. przeznaczenia czytelniczego [8, ]
    • a
    • Uwaga dot. przeznaczenia czytelniczego
    • Skrypt przeznaczony dla studentów pedagogiki.
080 -Uniwersalna Klasyfikacja Dziesiętna [ , ]
    • a
    • Symbol klasyfikacji
    • 37(075.8)
080 -Uniwersalna Klasyfikacja Dziesiętna [ , ]
    • a
    • Symbol klasyfikacji
    • :519.2(075.8)
650 -Hasło przedmiotowe [ ,7]
    • a
    • Hasło przedmiotowe
    • Pedagogika
    • x
    • Określnik rzeczowy
    • metody statystyczne
    • v
    • Określnik formalny
    • podręczniki akademickie.
    • 2
    • Źródło terminu
    • kaba
    • 9
    • KHW
    • 549216
980 -Symbol UKD [ , ]
    • a
    • UKD
    • 37:519.2](075.8)
920 -ISBN [ , ]
    • z
    • Błędny ISBN
    • 83-81-05580-4 Find
Data inwentaryzacji Status udost. Sygnatura Lokalizacja Numer inwentarzowy
 1 BEE.54315
1995-10-02-3W.123006BGW.132434
1995-10-021Z.59244BGZ.59244
1995-10-02-3W.123006BGW.123007
1995-10-02-3W.123006BGW.123008
1995-10-02-3W.123006BGW.123439
1995-10-022W.123006BGW.123440
1995-10-022W.123006BGW.123441
1995-10-022W.123006BGW.123443
1995-10-022W.123006BGW.123444
1995-10-022W.123006BGW.123445
1995-10-022W.123006BGW.123446
1995-10-022W.123006BGW.123447
1995-10-022W.123006BGW.123448
1995-10-022W.123006BGW.123449
1995-10-022W.123006BGW.123450
1995-10-022W.123006BGW.132433
1995-10-02-3W.123006BGW.140366
1995-10-02-3W.123006BGW.140367
1995-10-02-3W.123006BGW.140368
1995-10-02-3W.123006BGW.140369
1995-10-02-3W.123006BGW.140371
1995-10-02-3W.123006BGW.140372
1995-10-02-3W.123006BGW.140373
1995-10-02-3W.123006BGW.140374
1995-10-02-3 BGW.184469
1995-10-02-6 BGW.140370
1995-10-02-3 BGW.140375
 -3 BMWF.1939
 1StatystykaBMWF.1938
2003-09-231 BNSPd.15545
1995-10-022 BNSPd.1643